Morpho-anatomical aspects of fruit, seeds post-seminal development and seedling emergence of mari (Poraqueiba paraensis Ducke) (Registro n. 340282)
[ somente texto ]
| 000 -LÍDER | |
|---|---|
| fixed length control field | 04169nab a2200337 i 4500 |
| 003 - CÓDIGO MARC DA AGÊNCIA CATALOGADORA | |
| Campo de controle | BR-BrBNA |
| 005 - DATA E HORA DA ÚLTIMA ATUALIZAÇÃO | |
| Campo de controle | 20260305123738.0 |
| 008 - CAMPO DE TAMANHO FIXO | |
| fixed length control field | 260305b2018 bl.qr|pooa||| 00| 0 eng | |
| 040 ## - FONTE DA CATALOGAÇÃO | |
| Agência catalogadora | BR-BrBNA |
| Idioma da catalogação | eng |
| 072 ## - CATEGORIA AGRIS | |
| Código AGRIS | F50 |
| Código do objeto | 1190 |
| 100 ## - ENTRADA PRINCIPAL - NOME PESSOAL | |
| Nome pessoal | Santos, Paulo Silva dos |
| 100 ## - ENTRADA PRINCIPAL - NOME PESSOAL | |
| Nome pessoal | Costa, Clodoaldo Marques da |
| 100 ## - ENTRADA PRINCIPAL - NOME PESSOAL | |
| Nome pessoal | Santos, Maricélia Moreira dos |
| 100 ## - ENTRADA PRINCIPAL - NOME PESSOAL | |
| Nome pessoal | Pantoja, Pedro Cassio da Silva |
| 100 ## - ENTRADA PRINCIPAL - NOME PESSOAL | |
| Nome pessoal | Vales, Frank Gomes |
| 100 ## - ENTRADA PRINCIPAL - NOME PESSOAL | |
| Nome pessoal | Lima, Robson Borges de |
| 100 ## - ENTRADA PRINCIPAL - NOME PESSOAL | |
| Nome pessoal | Silva, Breno Marques da Silva e |
| 245 ## - TÍTULO PRINCIPAL | |
| Título principal | Morpho-anatomical aspects of fruit, seeds post-seminal development and seedling emergence of mari (Poraqueiba paraensis Ducke) |
| 500 ## - NOTA GERAL | |
| Nota geral | <br/><br/>Publicação online; 30 ref.; 4 illus.; Summaries (En, Pt) |
| 942 ## - ADDED ENTRY ELEMENTS (KOHA) | |
| Koha item type | Analítica |
| 520 ## - NOTA DE RESUMO | |
| Nota de conteúdo | <br/><br/><br/>ABSTRACT: Poraqueiba paraensis Ducke, known as “mari”, is an Amazonian fruit tree used for urban forestry. Basic information on floristic identification, seed production technology, biology and the production of mari seedlings are incipient. The objective of the present work was to describe the morphology of the fruit and seeds, the post-seminal development and evaluate the seedling emergence of P. paraensis. The evaluations were examined by stereo and optical microscopy and electron microscopy scanning for the morphoanatomical description. The fruits are drupaceous, oblong to elliptical, monospermic, succulent, indehiscent and with non-articulated peduncle. The fruit dimensions are approximately 7.0 cm in length, 4.0 cm in width and 69.5 g of fresh mass. The seeds are albuminous, oblong-elliptical with smooth tegument, brown color, membrane-cartaceous, with longitudinally visible raphe, circular micropyle and circular hilum. The seed dimensions are approximately 6.9 cm in length, 3.5 cm in width and 53.4 g of fresh mass. The germination is epigaeous phanerocotylar, with opposite foliaceous cotyledons, paracitic stomata in the abaxial face of the leaves and rare tricome in the limb nervure. Removing the epicarp and mesocarp of the fruit does not influence the emergence of Poraqueiba paraensis Ducke seedlings. <br/><br/><br/><br/>Key words: fruit; seed; germination; Icacinaceae |
| 520 ## - NOTA DE RESUMO | |
| Nota de conteúdo | <br/><br/><br/>RESUMO: Poraqueiba paraensis Ducke, conhecido como mari, é uma árvore frutífera amazônica utilizada para a silvicultura urbana, mas para a identificação florística e a tecnologia de sementes, as informações básicas sobre a biologia e a produção de mudas mari são incipientes. O objetivo no presente trabalho foi descrever a morfo-anatomia do fruto, sementes e desenvolvimento pós-seminal e avaliar a emergência de plântulas de P. paraensis. Para a descrição morfoanatômica de tento, os frutos, as sementes e as plântulas foram avaliados por meio de estéreo-microscopia, microscopia óptica e eletrônica de varredura. Os frutos são drupáceos, oblongos a elípticos, monospérmicos, suculentos, indeiscentes, com pedúnculo não articulado, com aproximadamente 7,0 cm de comprimento, 4,0 cm de largura e 69,5 g de massa fresca. As sementes são albuminosas, oblongo-elípticas, com tegumento liso, cor marrom, membrano-cartáceos, com rafe longitudinalmente visível, micropila circular e hilo circulares, em que suas dimensões são aproximadamente 6,9 cm de comprimento, 3,5 cm de largura e 53,4 g de massa fresca. A germinação é epígea, com cotilédones foliares opostos, estômatos paracíticos na face abaxial da folha e raros tricomas na nervura das folhas. A remoção de epicarpo e mesocarpo do fruto não influencia na emergência de plântulas de P. paraensis. <br/><br/><br/><br/>Palavras-chave: fruto; semente; germinação; Icacinaceae |
| 650 ## - ASSUNTO - THESAGRO | |
| Cabeçalho tópico ou nome geográfico | MARI |
| 650 ## - ASSUNTO - THESAGRO | |
| Cabeçalho tópico ou nome geográfico | FRUTA TROPICAL |
| 650 ## - ASSUNTO - THESAGRO | |
| Cabeçalho tópico ou nome geográfico | SEMENTE |
| 650 ## - ASSUNTO - THESAGRO | |
| Cabeçalho tópico ou nome geográfico | GERMINAÇÃO |
| 650 ## - ASSUNTO - THESAGRO | |
| Cabeçalho tópico ou nome geográfico | MORFOLOGIA VEGETAL |
| 773 0# - ENTRADA ANALÍTICA | |
| Host Biblionumber | 4656 |
| Registro do item | 360459 |
| Imprenta | Recife-PE Universidade Federal Rural de Pernambuco 2006 |
| Outro identificador | 2026-0843 |
| Título | Revista Brasileira de Ciências Agrárias (Brazil) |
| ISSN | 1981-1160 |
| Colação | v. 13(1) p. 1-7; (2018) |
| Número de controle de registro | BR2025005642 |
| 856 ## - ACESSO E ENDEREÇO ELETRÔNICO | |
| Identificador uniforme de recurso - URI | http://www.agraria.pro.br/ojs32/index.php/RBCA/article/view/v13i1a5508/375 |
Nenhum exemplar disponível.

BINAGRI